[Event "Nuremberg LGA Cup 9th"]
[Site "Nuremberg"]
[Date "2012.09.08"]
[Round "5"]
[White "Noeckler, Alexander"]
[Black "Dreiseitel, Werner"]
[Result "1-0"]
[WhiteElo "1975"]
[BlackElo "1584"]
[PlyCount "77"]
[EventDate "2012.09.06"]
[EventType "swiss"]
[EventRounds "7"]
[EventCountry "GER"]
[SourceTitle "CBM 150 Extra"]
[Source "ChessBase"]
[SourceDate "2012.10.19"]
[SourceVersion "1"]
[SourceVersionDate "2012.10.19"]
[SourceQuality "1"]

1. c4 c6 2. Nc3 Nf6 3. e4 d6 4. d4 Bg4 5. Qd3 Nbd7 6. h3 Bh5 7. f4 e6 8. g4 Nxg4 9. hxg4 Bxg4 10. Nf3 Be7 11. Be2 f5 12. e5 Qc7 13. exd6 Bxd6 14. Ne5 Bxe5 15. fxe5 0-0-0 16. Bg5 Nxe5 17. Qe3 Bxe2 18. Bxd8 Qxd8 19. Nxe2 Qa5+ 20. Nc3 Ng4 21. Qxe6+ Kb8 22. Rf1 Nf6 23. 0-0-0 Re8 24. Qxf5 Qa6 25. Rfe1 Rxe1 26. Rxe1 Qxc4 27. Qe5+ Kc8 28. Qe6+ Qxe6 29. Rxe6 Kd7 30. Re5 Ng4 31. Rg5 Nf6 32. Rxg7+ Ke6 33. Rxb7 h5 34. Ne2 h4 35. Ng1 Kd5 36. Rxa7 Kxd4 37. Ra3 Ke4 38. Rh3 Nd5 39. Rxh4+ 1-0

[Event "Nuremberg LGA Cup 9th"]
[Site "Nuremberg"]
[Date "2012.09.07"]
[Round "4"]
[White "Krah, Michael"]
[Black "Noeckler, Alexander"]
[Result "1-0"]
[WhiteElo "2091"]
[BlackElo "1975"]
[PlyCount "79"]
[EventDate "2012.09.06"]
[EventType "swiss"]
[EventRounds "7"]
[EventCountry "GER"]
[SourceTitle "CBM 150 Extra"]
[Source "ChessBase"]
[SourceDate "2012.10.19"]
[SourceVersion "1"]
[SourceVersionDate "2012.10.19"]
[SourceQuality "1"]

1. d4 d5 2. Nf3 Nf6 3. Bf4 e6 4. e3 Be7 5. Nbd2 a6 6. Bd3 b6 7. Ne5 Bb7 8. c3 0-0 9. Qf3 Nbd7 10. Qh3 Ne4 11. f3 Nef6 12. g4 g6 13. Qg3 Nh5 14. Qh3 Nxf4 15. exf4 Re8 16. Nxf7 Bh4+ 17. Kf1 Kxf7 18. g5 Kg8 19. Qxh4 c5 20. Kg2 Qc7 21. Rae1 Qd6 22. Qg4 Re7 23. Re3 Rae8 24. Rhe1 Bc8 25. h4 e5 26. fxe5 Nxe5 27. Qg3 Nxd3 28. Qxd6 Nxe1+ 29. Rxe1 Rxe1 30. Qxd5+ Be6 31. Qc6 Bf5 32. Nc4 R1e6 33. Qb7 cxd4 34. cxd4 R8e7 35. Qxa6 Bd3 36. Qa8+ Re8 37. Qd5 Bxc4 38. Qxc4 Kg7 39. d5 Rd6 40. Qc7+ 1-0

[Event "Nuremberg LGA Cup 9th"]
[Site "Nuremberg"]
[Date "2012.09.07"]
[Round "3"]
[White "Noeckler, Alexander"]
[Black "Balhar, Michael"]
[Result "1-0"]
[WhiteElo "1975"]
[BlackElo "1750"]
[PlyCount "93"]
[EventDate "2012.09.06"]
[EventType "swiss"]
[EventRounds "7"]
[EventCountry "GER"]
[SourceTitle "CBM 150 Extra"]
[Source "ChessBase"]
[SourceDate "2012.10.19"]
[SourceVersion "1"]
[SourceVersionDate "2012.10.19"]
[SourceQuality "1"]

1. c4 e5 2. Nc3 g6 3. Nf3 Bg7 4. d4 exd4 5. Nxd4 d6 6. g3 Bd7 7. Bg2 Nc6 8. e3 Nf6 9. 0-0 0-0 10. h3 Nxd4 11. exd4 c6 12. Be3 d5 13. cxd5 cxd5 14. Qd2 Re8 15. Bg5 Be6 16. Qf4 Nh5 17. Qh4 Bf6 18. Bxf6 Qxf6 19. Qxf6 Nxf6 20. Nb5 Re7 21. Rac1 Ne8 22. Rfe1 Kf8 23. Re3 a6 24. Nc3 Rc7 25. Rce1 Nf6 26. g4 h6 27. f4 Rc4 28. f5 gxf5 29. gxf5 Bd7 30. Nxd5 Nxd5 31. Bxd5 Rxd4 32. Bxb7 Rb8 33. Bxa6 Rxb2 34. R1e2 Rdd2 35. Rxd2 Rxd2 36. Bc4 Bxf5 37. a4 Rd4 38. Bb5 Rb4 39. Bc6 Bc8 40. Re8+ Kg7 41. Rxc8 Kf6 42. Bb5 Ke5 43. Rc1 Rb3 44. Ra1 Rxh3 45. a5 Rg3+ 46. Kh2 Rg7 47. a6 1-0

[Event "Oberpfalz-ch M1"]
[Site "Burglengenfeld"]
[Date "2012.03.31"]
[Round "1"]
[White "Noeckler, Alexander"]
[Black "Langensteiner, Matthias"]
[Result "1-0"]
[WhiteElo "2002"]
[BlackElo "2071"]
[PlyCount "117"]
[EventDate "2012.03.31"]
[EventType "swiss"]
[EventRounds "8"]
[EventCountry "GER"]
[SourceTitle "EXT 2022"]
[Source "ChessBase"]
[SourceDate "2021.10.06"]
[SourceVersion "1"]
[SourceVersionDate "2021.10.06"]
[SourceQuality "1"]

1. c4 g6 2. Nc3 Bg7 3. g3 d6 4. Bg2 e5 5. d3 Nc6 6. e4 f5 7. Nge2 Nf6 8. 0-0 0-0 9. h3 Be6 10. Be3 fxe4 11. c5 exd3 12. Qxd3 d5 13. Bg5 d4 14. Ne4 Qd7 15. Nxf6+ Bxf6 16. Bxf6 Rxf6 17. Qb5 Rb8 18. f4 Bxh3 19. fxe5 Rxf1+ 20. Rxf1 Bxg2 21. Kxg2 Qd5+ 22. Kg1 Nxe5 23. Nf4 Qxa2 24. c6 Nxc6 25. b3 Qa5 26. Qc4+ Kh8 27. Qf7 Qg5 28. Kg2 Ne5 29. Qxc7 Rf8 30. Rh1 h5 31. Qxe5+ Qxe5 32. Nxg6+ Kg7 33. Nxe5 Rf5 34. Nd3 a5 35. b4 axb4 36. Nxb4 Rb5 37. Nd3 Kh6 38. Rh4 Rd5 39. Nf4 Rf5 40. Ne6 d3 41. Rd4 Re5 42. Nf4 Kg5 43. Nxd3 Rb5 44. Kh3 b6 45. Nf4 Rf5 46. Rd8 b5 47. Rg8+ Kf6 48. Kh4 Kf7 49. Rb8 Rc5 50. Rb7+ Kf6 51. Nxh5+ Ke5 52. g4 Kd4 53. g5 Kc3 54. Nf4 b4 55. g6 b3 56. g7 Rc8 57. Ne2+ Kd2 58. Nd4 Kc3 59. Nxb3 1-0

[Event "Nuremberg LGA Cup 8th"]
[Site "Nuremberg"]
[Date "2011.09.11"]
[Round "7"]
[White "Kesik, Klaus Dieter"]
[Black "Noeckler, Alexander"]
[Result "1-0"]
[WhiteElo "2201"]
[BlackElo "1848"]
[PlyCount "53"]
[EventDate "2011.09.08"]
[EventType "swiss"]
[EventRounds "7"]
[EventCountry "GER"]
[SourceTitle "CBM 144 Extra"]
[Source "ChessBase"]
[SourceDate "2011.10.28"]
[SourceVersion "1"]
[SourceVersionDate "2011.10.28"]
[SourceQuality "1"]

1. d4 d5 2. c4 e6 3. g3 c6 4. Bg2 Nf6 5. Nf3 Nbd7 6. 0-0 Be7 7. b3 0-0 8. Ba3 Bxa3 9. Nxa3 b6 10. b4 a5 11. b5 c5 12. Ne5 Bb7 13. cxd5 Nxe5 14. dxe5 Nxd5 15. Qb3 Qc7 16. Nc4 Ne7 17. Bxb7 Qxb7 18. Rad1 Nf5 19. Nd6 Qe7 20. Nxf5 exf5 21. Rd5 Rad8 22. Rfd1 Rxd5 23. Qxd5 g6 24. f4 Re8 25. Kf2 Kg7 26. Qc6 Rd8 27. Qf6+ 1-0